[Event "20. Obert Int. Sant Marti 2018"]
[Site "Barcelona ESP"]
[Date "2018.07.13"]
[Round "1.33"]
[White "Riu Lopez, Sergi"]
[Black "Saurabh, Anand"]
[Result "0-1"]
[WhiteElo "1932"]
[BlackElo "2258"]
[PlyCount "122"]
[EventDate "2018.07.13"]
[EventType "swiss"]
[EventRounds "9"]
[EventCountry "ESP"]
[SourceTitle "Ajedrez en Madrid"]
[Source "lmi"]
[SourceDate "2018.07.13"]
[SourceVersion "1"]
[SourceVersionDate "2019.06.21"]
[SourceQuality "1"]

1. e4 e5 2. Nf3 Nc6 3. Bb5 a6 4. Ba4 Nf6 5. O-O Be7 6. Re1 b5 7. Bb3 d6 8. c3
O-O 9. h3 Na5 10. Bc2 c5 11. d4 Nd7 12. Nbd2 exd4 13. cxd4 Nc6 14. d5 Nce5 15.
Nxe5 Nxe5 16. f4 Ng6 17. Nf3 Bf6 18. e5 Be7 19. Qd3 f5 20. a4 c4 21. Qd4 Bb7
22. Rd1 Qc7 23. Be3 Rac8 24. Qc3 dxe5 25. fxe5 b4 26. Qd4 Bc5 27. Qd2 Nxe5 28.
Nxe5 Qxe5 29. Bxc5 Rxc5 30. Qxb4 Qe3+ 31. Kh1 Bxd5 32. Rxd5 Rxd5 33. Qxc4 Rfd8
34. Rd1 Qe6 35. Rxd5 Rxd5 36. Bb3 Rd1+ 37. Kh2 Qxc4 38. Bxc4+ Kf8 39. Bxa6 f4
40. b3 Ke7 41. Bc4 Ra1 42. h4 Kf6 43. h5 Kg5 44. Bf7 Kh4 45. Be8 Ra2 46. Bc6
Rb2 47. Bd5 Kxh5 48. a5 Ra2 49. b4 Ra4 50. b5 Rxa5 51. Bf3+ Kh4 52. b6 Rb5 53.
b7 g5 54. Be4 h5 55. Bf3 g4 56. Be4 Rb2 57. Kg1 Kg3 58. Kf1 f3 59. Kg1 h4 60.
Kf1 fxg2+ 61. Kg1 h3 0-1

[Event "20. Obert Int. Sant Marti 2018"]
[Site "Barcelona ESP"]
[Date "2018.07.13"]
[Round "1.34"]
[White "Gorti, Akshita"]
[Black "Montell Zabay, Alberto"]
[Result "1-0"]
[WhiteElo "2255"]
[BlackElo "1928"]
[PlyCount "61"]
[EventDate "2018.07.13"]
[EventType "swiss"]
[EventRounds "9"]
[EventCountry "ESP"]
[SourceTitle "Ajedrez en Madrid"]
[Source "lmi"]
[SourceDate "2018.07.13"]
[SourceVersion "1"]
[SourceVersionDate "2019.06.21"]
[SourceQuality "1"]

1. d4 Nf6 2. c4 e5 3. dxe5 Ng4 4. Nf3 Bc5 5. e3 Nc6 6. Be2 O-O 7. O-O Ngxe5 8.
Nxe5 Nxe5 9. Nc3 Re8 10. b3 a5 11. Na4 Bf8 12. Bb2 Ra6 13. Qd5 Rd6 14. Qxa5 b6
15. Qc3 Rh6 16. f4 Qh4 17. h3 Ng6 18. Bf3 d6 19. Qd2 Bxh3 20. gxh3 Qxh3 21. Qg2
Qe6 22. Bg4 Qxe3+ 23. Qf2 Qe4 24. Qf3 Qe7 25. Qg3 Qe4 26. Bf3 Qe3+ 27. Qf2 Qxf4
28. Bc1 Re5 29. Bxf4 Nxf4 30. Bg4 Ne2+ 31. Qxe2 1-0

[Event "20. Obert Int. Sant Marti 2018"]
[Site "Barcelona ESP"]
[Date "2018.07.13"]
[Round "1.35"]
[White "Davtyan, David Arm."]
[Black "Blasco Coll, Andreu"]
[Result "0-1"]
[WhiteElo "1926"]
[BlackElo "2242"]
[PlyCount "56"]
[EventDate "2018.07.13"]
[EventType "swiss"]
[EventRounds "9"]
[EventCountry "ESP"]
[SourceTitle "Ajedrez en Madrid"]
[Source "lmi"]
[SourceDate "2018.07.13"]
[SourceVersion "1"]
[SourceVersionDate "2019.06.21"]
[SourceQuality "1"]

1. d4 d5 2. Nf3 Nf6 3. g3 e6 4. Bg2 b5 5. O-O Bb7 6. b3 Nbd7 7. Nbd2 b4 8. Bb2
Be7 9. c4 bxc3 10. Bxc3 c5 11. Rc1 O-O 12. Bb2 Rc8 13. dxc5 Bxc5 14. Ne5 Nxe5
15. Bxe5 Ng4 16. Bb2 Qb6 17. e3 Nxf2 18. Kxf2 Bxe3+ 19. Ke1 Ba6 20. Rxc8 Rxc8
21. Rf3 d4 22. Bf1 Bb7 23. Bd3 Bxf3 24. Nxf3 Qa5+ 25. Ke2 Qxa2 26. Qb1 Qxb3 27.
Ne5 f5 28. Kf1 Qd5 0-1

[Event "20. Obert Int. Sant Marti 2018"]
[Site "Barcelona ESP"]
[Date "2018.07.13"]
[Round "1.36"]
[White "Ruperez, Miguel"]
[Black "Anadkat, Kartavya"]
[Result "1/2-1/2"]
[WhiteElo "2226"]
[BlackElo "1910"]
[PlyCount "85"]
[EventDate "2018.07.13"]
[EventType "swiss"]
[EventRounds "9"]
[EventCountry "ESP"]
[SourceTitle "Ajedrez en Madrid"]
[Source "lmi"]
[SourceDate "2018.07.13"]
[SourceVersion "1"]
[SourceVersionDate "2019.06.21"]
[SourceQuality "1"]

1. c4 Nf6 2. g3 e5 3. Bg2 d5 4. cxd5 Nxd5 5. Nc3 Nb6 6. Nf3 Nc6 7. O-O Be7 8.
d3 O-O 9. a3 a5 10. Be3 Be6 11. Rc1 Nd5 12. Nxd5 Bxd5 13. Bc5 Bxc5 14. Rxc5 Qd6
15. Rc3 Ra6 16. e3 Rb6 17. Qc2 f5 18. Nd2 Bxg2 19. Kxg2 Qd5+ 20. Kg1 Rb5 21.
Rc1 f4 22. Rb3 fxe3 23. fxe3 Rd8 24. Rc3 Rf8 25. Ne4 Qa2 26. Rb1 h6 27. Rc4 Qb3
28. Qxb3 Rxb3 29. Rc3 Rb5 30. Rc2 Rd5 31. Rd1 Rfd8 32. Nf2 R5d7 33. Kf1 Ne7 34.
Ke2 Nd5 35. Rdc1 c6 36. Rc5 Rf7 37. e4 Rdf8 38. Nh3 Nf6 39. Rxe5 Ng4 40. Re6
Rf3 41. d4 Nxh2 42. Nf4 Rxg3 43. Rg6 1/2-1/2

[Event "20. Obert Int. Sant Marti 2018"]
[Site "Barcelona ESP"]
[Date "2018.07.13"]
[Round "1.37"]
[White "Claramunt Bassegoda, Marcel"]
[Black "Pinero Fernandez, Xavier"]
[Result "1/2-1/2"]
[WhiteElo "1894"]
[BlackElo "2218"]
[PlyCount "81"]
[EventDate "2018.07.13"]
[EventType "swiss"]
[EventRounds "9"]
[EventCountry "ESP"]
[SourceTitle "Ajedrez en Madrid"]
[Source "lmi"]
[SourceDate "2018.07.13"]
[SourceVersion "1"]
[SourceVersionDate "2019.06.21"]
[SourceQuality "1"]

1. d4 d6 2. e4 Nf6 3. Nc3 Nbd7 4. f4 e5 5. Nf3 exd4 6. Qxd4 c6 7. Bd2 d5 8.
O-O-O Bc5 9. Qd3 dxe4 10. Nxe4 O-O 11. Nxc5 Nxc5 12. Qa3 b6 13. Bb4 Qc7 14.
Bxc5 bxc5 15. Ne5 Ng4 16. Qxc5 Qb6 17. Qxb6 axb6 18. Bc4 Ne3 19. a3 Nxd1 20.
Rxd1 b5 21. Be2 Ra6 22. Rd6 Bb7 23. Nd7 Rc8 24. Nc5 Rb6 25. a4 bxa4 26. Nxb7
Rxb7 27. Ba6 Rbc7 28. Bxc8 Rxc8 29. Rd4 Ra8 30. Rc4 Ra6 31. Kb1 Kf8 32. Ka2 Ke7
33. Ka3 Kd6 34. Rxa4 Rb6 35. Rb4 Ra6+ 36. Kb3 Ra7 37. c3 Re7 38. Rd4+ Kc5 39.
Kc2 h5 40. Kd2 g6 41. g3 1/2-1/2

[Event "20. Obert Int. Sant Marti 2018"]
[Site "Barcelona ESP"]
[Date "2018.07.13"]
[Round "1.38"]
[White "Glimbrant, Torbjorn"]
[Black "Alcaraz Lopez, Francesc"]
[Result "1-0"]
[WhiteElo "2213"]
[BlackElo "1889"]
[PlyCount "123"]
[EventDate "2018.07.13"]
[EventType "swiss"]
[EventRounds "9"]
[EventCountry "ESP"]
[SourceTitle "Ajedrez en Madrid"]
[Source "lmi"]
[SourceDate "2018.07.13"]
[SourceVersion "1"]
[SourceVersionDate "2019.06.21"]
[SourceQuality "1"]

1. c4 c5 2. g3 g6 3. Bg2 Bg7 4. Nc3 Nf6 5. Nf3 O-O 6. O-O d5 7. cxd5 Nxd5 8.
Nxd5 Qxd5 9. d3 Nc6 10. Be3 Qd6 11. Rc1 Nd4 12. Nxd4 cxd4 13. Bf4 e5 14. Bd2 a6
15. Qa4 Rd8 16. Ba5 Rd7 17. Rc2 Bh6 18. Bb4 Qe6 19. b3 b5 20. Qa5 Bb7 21. Bxb7
Rxb7 22. Bd2 Bxd2 23. Qxd2 Rc8 24. Rfc1 Rbb8 25. h4 h5 26. Kh2 Kg7 27. Qg5 Rxc2
28. Rxc2 Re8 29. f3 Re7 30. Qc1 Qf6 31. Rc8 Re6 32. Qc5 Qe7 33. Qd5 g5 34. Qa8
gxh4 35. Rg8+ Kf6 36. gxh4 Qc7 37. Qe4 Qc1 38. Kg2 Qf4 39. Rg5 Qxe4 40. fxe4
Rc6 41. Rxh5 Rc2 42. Kf3 Rxa2 43. Rh6+ Kg7 44. Rb6 Ra3 45. Kg4 Rxb3 46. Rxa6
Rb1 47. Kf5 b4 48. Kxe5 Re1 49. Rb6 Rxe2 50. Rxb4 Rh2 51. Rxd4 Rxh4 52. Rd8
Rh5+ 53. Kd6 Kf6 54. d4 Ra5 55. e5+ Kg7 56. d5 Ra6+ 57. Ke7 Ra7+ 58. Rd7 Ra1
59. Rb7 Re1 60. e6 fxe6 61. d6 Rf1 62. d7 1-0

[Event "20. Obert Int. Sant Marti 2018"]
[Site "Barcelona ESP"]
[Date "2018.07.13"]
[Round "1.39"]
[White "Oualili, Abdelali"]
[Black "Marzo Pie, Xavier"]
[Result "0-1"]
[WhiteElo "1887"]
[BlackElo "2206"]
[PlyCount "116"]
[EventDate "2018.07.13"]
[EventType "swiss"]
[EventRounds "9"]
[EventCountry "ESP"]
[SourceTitle "Ajedrez en Madrid"]
[Source "lmi"]
[SourceDate "2018.07.13"]
[SourceVersion "1"]
[SourceVersionDate "2019.06.21"]
[SourceQuality "1"]

1. e4 d6 2. d4 Nf6 3. Nc3 g6 4. Be3 a6 5. Qd2 b5 6. f3 Nbd7 7. g4 h6 8. h3 Bb7
9. Bg2 Bg7 10. Nge2 c5 11. Ng3 Rc8 12. Nce2 Qc7 13. c3 a5 14. O-O a4 15. Rac1
Qa5 16. f4 Qa8 17. d5 Qa5 18. e5 dxe5 19. f5 g5 20. Rcd1 Qa8 21. b3 Nb6 22. Nh5
Nxh5 23. gxh5 Bf6 24. Ng3 O-O 25. Ne4 Nxd5 26. Nxf6+ Nxf6 27. Bxb7 Qxb7 28. Qf2
Qc6 29. c4 axb3 30. axb3 bxc4 31. bxc4 Nxh5 32. Rd5 Nf4 33. Bxf4 exf4 34. h4 e6
35. fxe6 fxe6 36. Re5 Rf5 37. Rfe1 Rxe5 38. Rxe5 Qd6 39. Qe1 Qd4+ 40. Kh2 Qb2+
41. Kh3 g4+ 42. Kxg4 Qg2+ 43. Kh5 Qf3+ 44. Kxh6 Kf7 45. Kh7 Qg4 46. Rg5 Qh3 47.
Rg7+ Kf8 48. Rg8+ Kf7 49. Rg7+ Kf6 50. Rg6+ Ke7 51. Rg7+ Kd6 52. Qd2+ Ke5 53.
Rg5+ Ke4 54. Qc2+ Kd4 55. Qb2+ Kxc4 56. Qc1+ Qc3 57. Qxf4+ Kb3 58. Rg1 Rh8+ 0-1

[Event "20. Obert Int. Sant Marti 2018"]
[Site "Barcelona ESP"]
[Date "2018.07.13"]
[Round "1.40"]
[White "Chernyak, Viktoria"]
[Black "Bernat, Ernest"]
[Result "1/2-1/2"]
[WhiteElo "2206"]
[BlackElo "1880"]
[PlyCount "67"]
[EventDate "2018.07.13"]
[EventType "swiss"]
[EventRounds "9"]
[EventCountry "ESP"]
[SourceTitle "Ajedrez en Madrid"]
[Source "lmi"]
[SourceDate "2018.07.13"]
[SourceVersion "1"]
[SourceVersionDate "2019.06.21"]
[SourceQuality "1"]

1. Nf3 d5 2. g3 Nf6 3. Bg2 g6 4. O-O Bg7 5. d4 O-O 6. Nbd2 Nbd7 7. b3 Re8 8.
Bb2 c5 9. e3 b6 10. Qe2 a5 11. Rfd1 Qc7 12. Rac1 Bb7 13. c4 e6 14. Ba3 Rac8 15.
dxc5 bxc5 16. Nb1 Ne4 17. Qc2 Qb6 18. Bb2 Bxb2 19. Qxb2 a4 20. Ne1 Red8 21. Nd3
axb3 22. axb3 dxc4 23. bxc4 Qxb2 24. Nxb2 Bc6 25. Nd3 Kf8 26. f3 Nef6 27. Nc3
Rb8 28. Rb1 Ke7 29. Kf2 Rxb1 30. Rxb1 Ra8 31. Rb3 Ra5 32. Bf1 h6 33. Be2 Ne8
34. Nb2 1/2-1/2

[Event "20. Obert Int. Sant Marti 2018"]
[Site "Barcelona ESP"]
[Date "2018.07.13"]
[Round "1.41"]
[White "Pena Mor, David"]
[Black "Harikrishnan.A.Ra"]
[Result "0-1"]
[WhiteElo "1858"]
[BlackElo "2204"]
[PlyCount "32"]
[EventDate "2018.07.13"]
[EventType "swiss"]
[EventRounds "9"]
[EventCountry "ESP"]
[SourceTitle "Ajedrez en Madrid"]
[Source "lmi"]
[SourceDate "2018.07.13"]
[SourceVersion "1"]
[SourceVersionDate "2019.06.21"]
[SourceQuality "1"]

1. c4 e5 2. Nc3 Nc6 3. g3 f5 4. Bg2 Nf6 5. d3 Bb4 6. Nf3 Bxc3+ 7. bxc3 O-O 8.
O-O d6 9. Qc2 Qe8 10. Bd2 Qh5 11. e3 e4 12. Nd4 Ne5 13. dxe4 fxe4 14. f3 c5 15.
f4 Neg4 16. h3 cxd4 0-1

[Event "20. Obert Int. Sant Marti 2018"]
[Site "Barcelona ESP"]
[Date "2018.07.13"]
[Round "1.42"]
[White "Romero Pallares, Daniel"]
[Black "Varela Cuadrado, Cesar"]
[Result "1-0"]
[WhiteElo "2202"]
[BlackElo "1856"]
[PlyCount "49"]
[EventDate "2018.07.13"]
[EventType "swiss"]
[EventRounds "9"]
[EventCountry "ESP"]
[SourceTitle "Ajedrez en Madrid"]
[Source "lmi"]
[SourceDate "2018.07.13"]
[SourceVersion "1"]
[SourceVersionDate "2019.06.21"]
[SourceQuality "1"]

1. e4 d5 2. exd5 Qxd5 3. Nc3 Qd6 4. d4 Nf6 5. Nf3 c6 6. Bg5 Bf5 7. Bd3 Bxd3 8.
Qxd3 Nbd7 9. O-O e6 10. Ne2 Qc7 11. c4 Be7 12. Rac1 O-O 13. Rfd1 Rad8 14. Qb1
Qa5 15. Ng3 h6 16. Bf4 Rfe8 17. Qc2 Bf8 18. a3 Nb6 19. Bd2 Qa4 20. b3 Qxa3 21.
c5 Qa6 22. Ra1 Qb5 23. Ra5 Qxa5 24. Bxa5 Nbd5 25. Bxd8 1-0

[Event "20. Obert Int. Sant Marti 2018"]
[Site "Barcelona ESP"]
[Date "2018.07.13"]
[Round "1.43"]
[White "Lorenzo Martinez, Ruben"]
[Black "Vatsal, Singhania"]
[Result "0-1"]
[WhiteElo "1846"]
[BlackElo "2194"]
[PlyCount "76"]
[EventDate "2018.07.13"]
[EventType "swiss"]
[EventRounds "9"]
[EventCountry "ESP"]
[SourceTitle "Ajedrez en Madrid"]
[Source "lmi"]
[SourceDate "2018.07.13"]
[SourceVersion "1"]
[SourceVersionDate "2019.06.21"]
[SourceQuality "1"]

1. d4 d5 2. Bf4 Nf6 3. e3 c5 4. c3 Nc6 5. Nf3 Qb6 6. Qb3 c4 7. Qc2 Bf5 8. Qc1
e6 9. Be2 h6 10. h3 Be7 11. Nbd2 Qd8 12. Ne5 Rc8 13. a4 Na5 14. O-O Ne4 15. Bd1
O-O 16. Bc2 Nxd2 17. Qxd2 Bxc2 18. Qxc2 Nb3 19. Ra2 Bd6 20. Qe2 Bxe5 21. dxe5
a5 22. e4 Qh4 23. Qe3 dxe4 24. Bg3 Qh5 25. Re1 Rfd8 26. Qxe4 Rd1 27. f3 Rxe1+
28. Bxe1 Qf5 29. Qxb7 Rd8 30. Qe4 Rd1 31. Qe2 Qb1 32. Kf2 Rxe1 33. Qxe1 Qxa2
34. Qe4 Qxb2+ 35. Kg3 Qxc3 36. Qa8+ Kh7 37. Qe4+ g6 38. h4 Qd4 0-1

[Event "20. Obert Int. Sant Marti 2018"]
[Site "Barcelona ESP"]
[Date "2018.07.13"]
[Round "1.44"]
[White "Samant, Aditya S"]
[Black "Kadam, Om Manish"]
[Result "1/2-1/2"]
[WhiteElo "2191"]
[BlackElo "1836"]
[PlyCount "104"]
[EventDate "2018.07.13"]
[EventType "swiss"]
[EventRounds "9"]
[EventCountry "ESP"]
[SourceTitle "Ajedrez en Madrid"]
[Source "lmi"]
[SourceDate "2018.07.13"]
[SourceVersion "1"]
[SourceVersionDate "2019.06.21"]
[SourceQuality "1"]

1. e4 c5 2. Nf3 d6 3. d4 cxd4 4. Nxd4 Nf6 5. Nc3 a6 6. h3 e6 7. g4 d5 8. exd5
Nxd5 9. Nde2 Bb4 10. Bg2 O-O 11. O-O Nxc3 12. Nxc3 Qc7 13. Qd4 Bc5 14. Bf4 Bxd4
15. Bxc7 Bxc3 16. bxc3 Nd7 17. Rab1 Ra7 18. a4 b5 19. Bd6 Rd8 20. axb5 axb5 21.
Rxb5 Ra2 22. Bc7 Rf8 23. Rc1 Ba6 24. Ra5 Rxa5 25. Bxa5 Rc8 26. Rd1 Nf6 27. Rd6
Bb5 28. g5 Nd5 29. Bxd5 exd5 30. Rxd5 Bc4 31. Rd4 Be6 32. h4 h6 33. f4 hxg5 34.
hxg5 Kh7 35. Kf2 Kg6 36. Kg3 Kf5 37. Rd3 Rc4 38. Rd4 Rxd4 39. cxd4 Ke4 40. c3
g6 41. Bc7 Kd3 42. Be5 Bd5 43. f5 Kxc3 44. fxg6 fxg6 45. Kf4 Kc4 46. Bf6 Ba8
47. Ke5 Bh1 48. Ke6 Bd5+ 49. Ke5 Bg2 50. Be7 Bf3 51. Bc5 Bg2 52. Kf6 Be4
1/2-1/2

[Event "20. Obert Int. Sant Marti 2018"]
[Site "Barcelona ESP"]
[Date "2018.07.13"]
[Round "1.45"]
[White "Robert, Thibaud"]
[Black "Sapale, Saloni"]
[Result "0-1"]
[WhiteElo "1830"]
[BlackElo "2145"]
[PlyCount "48"]
[EventDate "2018.07.13"]
[EventType "swiss"]
[EventRounds "9"]
[EventCountry "ESP"]
[SourceTitle "Ajedrez en Madrid"]
[Source "lmi"]
[SourceDate "2018.07.13"]
[SourceVersion "1"]
[SourceVersionDate "2019.06.21"]
[SourceQuality "1"]

1. e4 e6 2. d4 d5 3. e5 c5 4. c3 Nc6 5. Nf3 Qb6 6. a3 Nh6 7. b4 cxd4 8. cxd4
Nf5 9. Bb2 Bd7 10. g4 Nfe7 11. Qd2 Ng6 12. Nc3 Qd8 13. Rc1 Be7 14. Bh3 f6 15.
exf6 Bxf6 16. g5 Be7 17. O-O O-O 18. Bg4 e5 19. Bxd7 Qxd7 20. Nxe5 Ncxe5 21.
dxe5 Qg4+ 22. Kh1 Qf3+ 23. Kg1 Nf4 24. Qxf4 Rxf4 0-1

[Event "20. Obert Int. Sant Marti 2018"]
[Site "Barcelona ESP"]
[Date "2018.07.13"]
[Round "1.47"]
[White "Casaponsa Puig, Gaieta"]
[Black "Sanchez Lopez, Juan Manuel"]
[Result "0-1"]
[WhiteElo "1818"]
[BlackElo "2127"]
[PlyCount "76"]
[EventDate "2018.07.13"]
[EventType "swiss"]
[EventRounds "9"]
[EventCountry "ESP"]
[SourceTitle "Ajedrez en Madrid"]
[Source "lmi"]
[SourceDate "2018.07.13"]
[SourceVersion "1"]
[SourceVersionDate "2019.06.21"]
[SourceQuality "1"]

1. d4 Nf6 2. c4 c5 3. d5 b5 4. b3 g6 5. Nc3 Bg7 6. Rb1 d6 7. e3 Qa5 8. Bd2 b4
9. Na4 Bf5 10. Rc1 Nbd7 11. Nf3 Nb6 12. Nxb6 Qxb6 13. Nh4 Bd7 14. Bd3 a5 15.
O-O a4 16. e4 axb3 17. axb3 O-O 18. f4 Ng4 19. Nf3 Ra2 20. h3 Nh6 21. e5 Bf5
22. Be3 Rfa8 23. Rf2 Bxd3 24. Rxa2 Rxa2 25. Qxd3 Nf5 26. Bf2 Qa5 27. Rb1 Ra1
28. exd6 exd6 29. Nh4 Bd4 30. Bxd4 Nxd4 31. f5 Rxb1+ 32. Qxb1 Qd8 33. g3 Qg5
34. Qd3 Qc1+ 35. Kh2 Qb2+ 36. Ng2 Qxb3 37. Qe4 Nf3+ 38. Kh1 Qd1+ 0-1

[Event "20. Obert Int. Sant Marti 2018"]
[Site "Barcelona ESP"]
[Date "2018.07.13"]
[Round "1.48"]
[White "Persson, Andreas"]
[Black "Ghelani, Dhairya"]
[Result "1-0"]
[WhiteElo "2126"]
[BlackElo "1778"]
[PlyCount "77"]
[EventDate "2018.07.13"]
[EventType "swiss"]
[EventRounds "9"]
[EventCountry "ESP"]
[SourceTitle "Ajedrez en Madrid"]
[Source "lmi"]
[SourceDate "2018.07.13"]
[SourceVersion "1"]
[SourceVersionDate "2019.06.21"]
[SourceQuality "1"]

1. d4 Nf6 2. Bf4 e6 3. e3 c5 4. c3 Qb6 5. Qb3 Nc6 6. Nd2 d5 7. Ngf3 Qxb3 8.
axb3 cxd4 9. exd4 Be7 10. h3 O-O 11. Bd3 a6 12. O-O Bd7 13. b4 Na7 14. Nb3 Bb5
15. Bxb5 Nxb5 16. Nc5 Bxc5 17. bxc5 a5 18. Ra4 Ra6 19. Rfa1 Rfa8 20. Ne5 h6 21.
Kf1 g5 22. Bh2 Ne4 23. Ke1 Nf6 24. Kd2 b6 25. cxb6 Rxb6 26. Rxa5 Rxa5 27. Rxa5
Ne4+ 28. Ke2 Nbd6 29. Ra8+ Kg7 30. Nd3 Nc4 31. f3 Nf6 32. b4 Nd7 33. Ra7 Nb8
34. Nc5 Kg6 35. Ra8 Nc6 36. Nd7 Rb7 37. Rg8+ Kh5 38. Nf6+ Kh4 39. Kf2 1-0

[Event "20. Obert Int. Sant Marti 2018"]
[Site "Barcelona ESP"]
[Date "2018.07.13"]
[Round "1.49"]
[White "Ji, Pablo"]
[Black "Low, Kevin"]
[Result "0-1"]
[WhiteElo "1774"]
[BlackElo "2122"]
[PlyCount "74"]
[EventDate "2018.07.13"]
[EventType "swiss"]
[EventRounds "9"]
[EventCountry "ESP"]
[SourceTitle "Ajedrez en Madrid"]
[Source "lmi"]
[SourceDate "2018.07.13"]
[SourceVersion "1"]
[SourceVersionDate "2019.06.21"]
[SourceQuality "1"]

1. e4 c5 2. Nf3 d6 3. d4 cxd4 4. Nxd4 Nf6 5. Nc3 a6 6. Bg5 Nbd7 7. Be2 e6 8.
Qd2 Qc7 9. O-O Be7 10. Rad1 b5 11. a3 Bb7 12. Qe3 O-O 13. f4 Nb6 14. Kh1 Nc4
15. Bxc4 Qxc4 16. e5 Ng4 17. Qg3 Bxg5 18. Qxg4 Be7 19. Nb3 dxe5 20. Na5 Qc7 21.
Nxb7 exf4 22. Rxf4 Qxb7 23. Ne4 f5 24. Qh3 g5 25. Nxg5 Bxg5 26. Qg3 Qg7 27. Rf3
e5 28. Qf2 Rad8 29. Rfd3 e4 30. Rxd8 Bxd8 31. c3 f4 32. Qc5 e3 33. Qd5+ Kh8 34.
Qe6 Qe7 35. Qg4 Qe4 36. Qe2 Bb6 37. h3 f3 0-1

[Event "20. Obert Int. Sant Marti 2018"]
[Site "Barcelona ESP"]
[Date "2018.07.13"]
[Round "1.50"]
[White "Garcia Gil, Javier"]
[Black "Roa Ribera, Alvaro"]
[Result "1-0"]
[WhiteElo "2110"]
[BlackElo "1742"]
[PlyCount "81"]
[EventDate "2018.07.13"]
[EventType "swiss"]
[EventRounds "9"]
[EventCountry "ESP"]
[SourceTitle "Ajedrez en Madrid"]
[Source "lmi"]
[SourceDate "2018.07.13"]
[SourceVersion "1"]
[SourceVersionDate "2019.06.21"]
[SourceQuality "1"]

1. d4 d5 2. c4 c6 3. e3 Nf6 4. Nf3 Bf5 5. Nbd2 Nbd7 6. Be2 e6 7. O-O Bd6 8. a3
O-O 9. b4 e5 10. dxe5 Nxe5 11. c5 Bc7 12. Nb3 Nxf3+ 13. Bxf3 Qd7 14. Bb2 Rad8
15. Re1 Rfe8 16. Nd4 Bg4 17. Bxg4 Nxg4 18. Nf3 Qf5 19. h3 Nf6 20. Qd4 Re4 21.
Qd3 Qh5 22. Bd4 Re6 23. Bxf6 Rxf6 24. e4 dxe4 25. Qxe4 Re6 26. Qc4 Ree8 27.
Rxe8+ Rxe8 28. Rd1 Qf5 29. Kf1 g6 30. Qd3 Qxd3+ 31. Rxd3 Rd8 32. Ke2 f5 33. Re3
Kf7 34. Ng5+ Kg8 35. Re7 Bf4 36. Ne6 Rd2+ 37. Ke1 Bh6 38. Rxb7 Ra2 39. Rxa7
Bd2+ 40. Kd1 Bxb4 41. Rg7+ 1-0

[Event "20. Obert Int. Sant Marti 2018"]
[Site "Barcelona ESP"]
[Date "2018.07.13"]
[Round "1.51"]
[White "Kavisha, S Shah"]
[Black "Rueda Marquez, David J."]
[Result "1-0"]
[WhiteElo "1723"]
[BlackElo "2110"]
[PlyCount "89"]
[EventDate "2018.07.13"]
[EventType "swiss"]
[EventRounds "9"]
[EventCountry "ESP"]
[SourceTitle "Ajedrez en Madrid"]
[Source "lmi"]
[SourceDate "2018.07.13"]
[SourceVersion "1"]
[SourceVersionDate "2019.06.21"]
[SourceQuality "1"]

1. e4 g6 2. d4 Bg7 3. Nf3 c6 4. Be2 d5 5. e5 f6 6. O-O Bg4 7. Nbd2 Nd7 8. exf6
exf6 9. Re1 Ne7 10. Nh4 Bxe2 11. Qxe2 Nb6 12. Nb3 Kf7 13. Nc5 Re8 14. Qe6+ Kf8
15. Nxb7 Qc8 16. Qxc8 Rexc8 17. b3 Rcb8 18. Na5 Nbc8 19. Ba3 Rb6 20. Bc5 f5 21.
c3 Rab8 22. Nf3 Ra6 23. b4 Bf6 24. Re6 Kf7 25. Rae1 Rb5 26. R6e3 f4 27. Ne5+
Kg7 28. R3e2 h5 29. h3 Bh4 30. Nd3 f3 31. gxf3 Nf5 32. Nf4 Bf6 33. Re8 Ncd6 34.
Ra8 Kf7 35. a4 Rxc5 36. dxc5 Nc4 37. Nxc4 dxc4 38. b5 Bxc3 39. bxa6 Bxe1 40.
Rxa7+ Kf6 41. Ne2 Nh4 42. Rd7 Nxf3+ 43. Kf1 Bb4 44. a7 Bxc5 45. a8=Q 1-0

[Event "20. Obert Int. Sant Marti 2018"]
[Site "Barcelona ESP"]
[Date "2018.07.13"]
[Round "1.52"]
[White "Deepak, Katiyar"]
[Black "Llorens Gou, Juan"]
[Result "1-0"]
[WhiteElo "2108"]
[BlackElo "1717"]
[PlyCount "95"]
[EventDate "2018.07.13"]
[EventType "swiss"]
[EventRounds "9"]
[EventCountry "ESP"]
[SourceTitle "Ajedrez en Madrid"]
[Source "lmi"]
[SourceDate "2018.07.13"]
[SourceVersion "1"]
[SourceVersionDate "2019.06.21"]
[SourceQuality "1"]

1. e4 c5 2. Nf3 g6 3. d4 cxd4 4. Nxd4 Bg7 5. c4 Nc6 6. Be3 d6 7. Nc3 Nf6 8. Be2
O-O 9. O-O Nxd4 10. Bxd4 Be6 11. f4 Rc8 12. b3 b6 13. Rc1 Bd7 14. Kh1 Bc6 15.
Bf3 Qc7 16. Qe2 e5 17. Be3 Rcd8 18. Rfd1 Bh6 19. fxe5 Bxe3 20. exd6 Rxd6 21.
Qxe3 Rfd8 22. Rxd6 Rxd6 23. Nd5 Qd8 24. e5 Re6 25. Nxf6+ Qxf6 26. exf6 Rxe3 27.
Bxc6 Re6 28. Bd5 Rxf6 29. Kg1 Rd6 30. Rf1 Rd7 31. Kf2 Kf8 32. Ke3 Re7+ 33. Kd3
Ke8 34. Rf3 Kf8 35. Kd4 Kg7 36. Re3 Rc7 37. b4 h6 38. c5 bxc5+ 39. bxc5 Rb7 40.
Bxb7 h5 41. c6 a6 42. c7 a5 43. c8=Q a4 44. Re7 Kf6 45. Qf8 a3 46. Qxf7+ Kg5
47. h4+ Kxh4 48. Qf4# 1-0

[Event "20. Obert Int. Sant Marti 2018"]
[Site "Barcelona ESP"]
[Date "2018.07.13"]
[Round "1.53"]
[White "Houzi Acharki, Hanane"]
[Black "Lacasta Palacio, Joaquim"]
[Result "0-1"]
[WhiteElo "1664"]
[BlackElo "2105"]
[PlyCount "72"]
[EventDate "2018.07.13"]
[EventType "swiss"]
[EventRounds "9"]
[EventCountry "ESP"]
[SourceTitle "Ajedrez en Madrid"]
[Source "lmi"]
[SourceDate "2018.07.13"]
[SourceVersion "1"]
[SourceVersionDate "2019.06.21"]
[SourceQuality "1"]

1. d4 e6 2. Nf3 d5 3. e3 c6 4. Bd3 Bd6 5. b3 Qe7 6. Bb2 Nd7 7. Ne5 Nf8 8. O-O
f5 9. Nd2 Nf6 10. Re1 Ng6 11. c4 Bd7 12. f3 O-O-O 13. Qc2 Kb8 14. c5 Bc7 15. b4
Be8 16. a4 Nxe5 17. dxe5 Nd7 18. f4 g5 19. Bd4 Rg8 20. Nf3 gxf4 21. exf4 Bh5
22. Qf2 Ka8 23. Kh1 Rg7 24. Rg1 Rdg8 25. Rac1 Bd8 26. b5 Nb8 27. Rb1 Bxf3 28.
Qxf3 Qh4 29. Bf2 Qh6 30. h3 Ba5 31. Be3 Rg3 32. Qf2 d4 33. Bd2 Bxd2 34. Qxd2
Re3 35. Rbf1 Rgg3 36. Rf3 Rexf3 0-1